000 00548cam a2200217ua 4500
001 8614
005 20260515114345.0
008 150210n ii |||gr||||Z||||||eng
020 _a9780333921883
040 _cMAIN
041 _aeng
082 _a410
100 _aKrishnaswamy, N.,
_eAuthor.,
245 1 _aModern applied linguistics :
_bIntroduction /
_cBy N. Krishnaswamy .
250 _a1st.
260 _aNew Delhi:
_bMacmillan,
_c2008.
300 _av,312p.
653 _aLinguistics
700 _aVerma, S. K.,
_eAuthor.
942 _cBK
999 _c7708
_d7708